Statistiques concernant États, provinces et territoires qui touchent les Appalaches

Cliquez ici pour prendre le quiz!

Statistiques générales

  • Ce quiz a été pris 34 fois
  • Le résultat moyen est 17 sur 23

Statistiques - réponses

États, Province ou Territoire% Correct
New York
100%
Virginie
96%
Caroline du Sud
93%
Caroline du Nord
93%
Maine
93%
Vermont
93%
Virginie-Occidentale
93%
New Jersey
89%
Pennsylvanie
85%
Ohio
85%
New Hampshire
85%
Massachusetts
81%
Maryland
81%
Connecticut
81%
Tennessee
78%
Québec
78%
Kentucky
78%
Terre-Neuve-et-Labrador
59%
Alabama
59%
Nouveau-Brunswick
56%
Nouvelle-Écosse
52%
Saint-Pierre-et-Miquelon
22%
Georgia
19%

Distribution des résultats

Percentile par nombre de réponses

% des personnes avec chaque résultat

Votre développement - résultats

Vous n’avez pas pris ce quiz